Candidats à l’élection présidentielle 1988 en images - Statistiques

Statistiques générales
  • Ce quiz a été pris 78 fois
  • Le résultat moyen est 5 sur 9
Statistiques - réponses
Par images Réponse % Correct
François Mitterrand
100%
Jacques Chirac
100%
Jean-Marie Le Pen
99%
Arlette Laguiller
90%
Raymond Barre
63%
Antoine Waechter
26%
André Lajoinie
24%
Pierre Juquin
13%
Pierre Boussel
7%
Aucun quiz correspondant
Distribution des résultats
% des personnes avec chaque résultat
Percentile par nombre de réponses
Votre historique - résultats
Vous n’avez pas pris ce quiz